Красное смещение: роман

Bibliographische Detailangaben
1. Verfasser: Гуляковский Е. Я. Евгений Яковлевич
Zusammenfassung:Глеб Яровцев, бывший воин-афганец, волею случая попадает в поле зрения вербовщиков с базы Федерации, существующей в параллельном мире. И теперь Глеб Яровцев — космодесантник. А таким людям без опасных приключений не сидится! Тем более если твою девушку украли темные силы... Как же они ошиблись!
Sprache:Russisch
Veröffentlicht: Москва, Армада, 2000
Schriftenreihe:Классика фантастического боевика
Schlagworte:
Format: MixedMaterials Buch
KOHA link:https://koha.lib.tpu.ru/cgi-bin/koha/opac-detail.pl?biblionumber=343781

MARC

LEADER 00000nam0a2200000 4500
001 343781
005 20231102005609.0
010 |a 593556033X 
035 |a (RuTPU)RU\TPU\book\374388 
090 |a 343781 
100 |a 20191030d2000 m y0rusy50 ca 
101 0 |a rus 
102 |a RU 
105 |a y z 000ay 
200 1 |a Красное смещение  |e роман  |f Е. Я. Гуляковский 
210 |a Москва  |c Армада  |c Альфа-книга  |d 2000 
215 |a 443 с. 
225 1 |a Классика фантастического боевика 
330 |a Глеб Яровцев, бывший воин-афганец, волею случая попадает в поле зрения вербовщиков с базы Федерации, существующей в параллельном мире. И теперь Глеб Яровцев — космодесантник. А таким людям без опасных приключений не сидится! Тем более если твою девушку украли темные силы... Как же они ошиблись! 
606 1 |a Русская литература современная  |2 stltpush  |3 (RuTPU)RU\TPU\subj\26373  |9 50316 
610 1 |a романы 
610 1 |a фантастика 
610 1 |a боевики 
675 |a Р2  |v 4 
700 1 |a Гуляковский  |b Е. Я.  |g Евгений Яковлевич 
801 1 |a RU  |b 63413507  |c 20191030 
801 2 |a RU  |b 63413507  |c 20191128  |g RCR 
942 |c BK